| 000 | 01044cam a22002174a 4500 | ||
|---|---|---|---|
| 005 | 20250605164052.0 | ||
| 008 | 250528s ||||||||||||||||||||||||d | ||
| 035 | _a17328 | ||
| 020 | _a195079701 | ||
| 040 |
_aGR-AtMCL _bgre _dGR-AtMCL _eAACR2 |
||
| 245 | 1 | _aEvaluating Social Science Research / Second Edition | |
| 250 | _a2nd | ||
| 260 |
_bOxford University Press, _c1996 |
||
| 300 | _a284 | ||
| 520 | _aThis book provides methods for thinking critically about claims of factual knowledge and drawing appropriate conclusions. Introduction, Scientific and Nonscientific Statements of Fact, Methods of Gathering Scientific Evidence, Evaluating Scientific Evidence: What Conclusions Follow From the Evidence?, Evaluating Scientific Evidence in the Published Literature, Reviewing a Body of Literature: The Problem of Generalization, Asking Answerable Questions and Finding Scientific Evidence, References, Index. | ||
| 700 | 1 |
_aKalof Linda _93488 |
|
| 700 | 1 |
_aStern Paul C _93489 |
|
| 942 | _cBK | ||
| 999 |
_c2755 _d2755 |
||